Statistics for Geography Questions on Jeopardy! #7

Click here to take the quiz!

General Stats

  • This quiz has been taken 54 times
  • The average score is 12 of 16

Answer Stats

CategoryHintAnswer% Correct
U.S. STATESOnly state bordering on 4 of the 5 Great LakesMichigan
96%
In 1918, Communists moved Russian capital from Petrograd back to this cityMoscow
94%
FORMER CAPITALSUntil Brasilia was carved from the wilderness, this was Brazil’s capitalRio de Janeiro
94%
HISTORYConvicts were first British settlers on this island-continentAustralia
92%
Many think that Istanbul, the former capital, is still seat of stateAnkara
88%
ISLANDSSouth Sea island synonymous with atomic-sized blasts & atom-sized swimsuitsBikini
88%
Only New York City borough not on an islandBronx
88%
Under the British, Calcutta was its capitalIndia
88%
LAKES & RIVERSThe Aswan Dam now prevents this river’s annual floodingNile River
84%
In the Middle Ages its seat of state was KrakowPoland
82%
The Nationalists ruled it from NankingChina
78%
River the Indians called “the Father of Waters”Mississippi River
75%
N.Y. lakes said to resemble parts of a handFinger Lakes
61%
Campobello Island, FDR's summer home, is in this countryCanada
53%
“Colorful” river that’s title of a John Wayne filmRed River
51%
It’s the largest lake remaining from prehistoric Lake BonnevilleGreat Salt Lake
33%

Score Distribution

Percentile by Number Answered

Percent of People with Each Score

Your Score History

You have not taken this quiz